000 00209 a2200097 4500
001 14550
100 _aZafar
245 _aIslam our Europe
260 _aKarachi
_bRasheed Ahmed Talat
_c
090 _c11379
_d11379
942 _aNUST-CAE
_cM
_c1535
999 _c249623
_d249623